Culture générale - Quiz #37 - Statistiques

Statistiques générales
  • Ce quiz a été pris 60 553 fois
  • Le résultat moyen est 8 sur 20
Statistiques - réponses
Question Réponse % Correct
À quel pays est rattachée l'île de Rhodes ? Grèce
84%
Quel est le nom de famille des deux frères, Fidel et Raúl, qui se sont succedés à la tête de leur pays ? Castro
81%
Quel est le nom de famille de la célèbre joueuse de tennis dont le prénom est aussi une planète ? Williams
67%
Quel livre suit l'histoire d'une fille du "District 12" ? The Hunger Games
66%
Dans quelle région espagnole se trouvent les villes de Grenade et Cadix ? Andalousie
64%
Quelle famille d'herbes peut mesurer plus de 40 mètres de haut, et peut grandir de plus d'un mètre par jour ? Le bambou
55%
Quel nom portait l'épreuve de tournoi dans laquelle deux chevaliers se chargeaient au galop, face à face, armés de lances ? Joute
49%
Quel est le club de football résident à Old Trafford ? Manchester United
46%
Dans "Retour vers le futur 2", en quelle année se déroule l'action dans le futur ? En 2015
41%
La proue désigne l'avant d'un navire. Quel terme désigne l'arrière ? La poupe
40%
Comment s'appelle l'âne, ami de Winnie l'Ourson ? Bourriquet
39%
Quelle zone du corps est prise comme référence pour mesurer les quadrupèdes, notamment les chevaux ? Le garrot
36%
Quel pigment, précurseur de la vitamine A, donne leur couleur orange aux carottes ? β-carotène
33%
Quelle montagne, deuxième plus haut sommet du continent africain, donne son nom à un pays ? Le mont Kenya
32%
Quel élément du tableau périodique a pour nom latin "Kalium" ? Le potassium
29%
Quel est l'équivalent musulman de la Croix Rouge ? Le Croissant Rouge
28%
Quel golfe se situe entre l'Inde et l'Indochine ? Golfe du Bengale
19%
Quel label musical créé à Détroit a vu passer Michael Jackson, Diana Ross ou encore Stevie Wonder ? La Motown
10%
Complétez la phrase : Diwali est la fête indienne des _____. Lumières
9%
En quelle langue furent écrits les textes védiques ? En sanskrit
7%
Aucun quiz correspondant
Distribution des résultats
% des personnes avec chaque résultat
Percentile par nombre de réponses
Votre historique - résultats
Vous n’avez pas pris ce quiz